| 000 | 00500nam a22001932 4500 | ||
|---|---|---|---|
| 001 | 0000002878 | ||
| 005 | 20151217151907.0 | ||
| 008 | 070420s xx 000 0 eng d | ||
| 020 |
_a1551664348 : _cKES 110 |
||
| 040 |
_aKABU _cKABU |
||
| 050 | 0 |
_aPS3563 _b.A2364M6 |
|
| 100 | 1 |
_aMacomber, Debbie. _@0000082498 |
|
| 245 | 1 | 0 | _aMontana. |
| 260 |
_aDon Mills, Ontario : _bMIRA Books, _c1997. |
||
| 300 | _a379 p. | ||
| 908 | _a070420 | ||
| 950 | _@1 | ||
| 999 |
_c6075 _d6075 |
||